Moss and Adam's Heart Disease in Infants,Children,and Adolescents-II : (Record no. 4869)

MARC details
000 -LEADER
fixed length control field 00506nam a2200169Ia 4500
003 - CONTROL NUMBER IDENTIFIER
control field OSt
005 - DATE AND TIME OF LATEST TRANSACTION
control field 20241016105353.0
008 - FIXED-LENGTH DATA ELEMENTS--GENERAL INFORMATION
fixed length control field 230312s9999||||xx |||||||||||||| ||und||
020 ## - INTERNATIONAL STANDARD BOOK NUMBER
International Standard Book Number 0-683-30742-8
040 ## - CATALOGING SOURCE
Original cataloging agency ABC
082 ## - DEWEY DECIMAL CLASSIFICATION NUMBER
Classification number 618.9212
Item number ALL-H
245 #0 - TITLE STATEMENT
Title Moss and Adam's Heart Disease in Infants,Children,and Adolescents-II :
Remainder of title including the Fetus and Youing Adult /
Statement of responsibility, etc. Edited by Allen.Hugh.D
260 ## - PUBLICATION, DISTRIBUTION, ETC.
Name of publisher, distributor, etc. Lippincot ;
Place of publication, distribution, etc. UK :
Date of publication, distribution, etc. 2001 .
300 ## - PHYSICAL DESCRIPTION
Extent 700
650 ## - SUBJECT ADDED ENTRY--TOPICAL TERM
Topical term or geographic name entry element Medical
Form subdivision Pediatrics
942 ## - ADDED ENTRY ELEMENTS (KOHA)
Koha item type BOOK
Source of classification or shelving scheme Dewey Decimal Classification
Holdings
Withdrawn status Lost status Source of classification or shelving scheme Damaged status Not for loan Home library Current library Date acquired Total Checkouts Full call number Barcode Date last seen Price effective from Koha item type
    Dewey Decimal Classification     Superior Information Resource Center (SIRC) Superior University- Main Campus Superior Information Resource Center (SIRC) Superior University- Main Campus 03/13/2023   618.9212 ALL-H 4896 03/13/2023 03/13/2023 BOOK

Powered by Koha